Normal view
MARC view
Entry Topical Term
001 - CONTROL NUMBER
- control field: 60575
003 - CONTROL NUMBER IDENTIFIER
- control field: OSt
005 - DATE AND TIME OF LATEST TRANSACTION
- control field: 20160528135549.0
008 - FIXED-LENGTH DATA ELEMENTS
- fixed length control field: 160528|| aca||aabn | a|a d
040 ## - CATALOGING SOURCE
- Original cataloging agency: OSt
- Transcribing agency: OSt
150 ## - HEADING--TOPICAL TERM
- Topical term or geographic name entry element: Novel
670 ## - SOURCE DATA FOUND
- Source citation: Work cat.: (OSt)11759: डॉ मिश्र, रामप्रसाद 60574, राम, 2007









